| 000 | 01052cam a2200301 a 4500 | ||
|---|---|---|---|
| 003 | OSt | ||
| 005 | 20250527125555.0 | ||
| 008 | |||
| 020 | _a9780323428606q(set; Hardback) | ||
| 020 | _a9780323760720 (Volume 1) | ||
| 040 |
_aNUST _cNUST _beng _dNUST _erda |
||
| 050 | _aRC270.3 FLE | ||
| 100 |
_eEditor _qChristopher D.M fletcher |
||
| 245 | 0 | 0 |
_aDiagnostic histopathology of tumors / _c Christopher D.M. Fletcher |
| 250 | _aFourth edition | ||
| 260 |
_aPhiladelphia, PA : _bElsevier/Saunders, _c[©2021] |
||
| 300 |
_a2 volumes ; _c29 cm |
||
| 336 |
_atext _btxt _2rdacontent |
||
| 337 |
_aunmediated _bn _2rdamedia |
||
| 338 |
_avolume _bnc _2rdacarrier |
||
| 504 | _aIncludes bibliographical references and index | ||
| 650 | 1 | 2 |
_aNeoplasms _xpathology. _0(DNLM)D009369Q000473 |
| 650 | 0 |
_aTumors _xHistopathology |
|
| 650 | 0 |
_aTumors _xDiagnosis |
|
| 650 | 0 | _aHistology, Pathological | |
| 700 | 1 | _aFletcher, Christopher D. M | |
| 942 |
_cBOOKS _kRC _mFLE _2lcc _eFifth Edition _hRC270.3 FLE _n0 |
||
| 999 |
_c122293 _d122293 |
||